Normal view
MARC view
Entry Personal Name
001 - CONTROL NUMBER
- control field: 74772
003 - CONTROL NUMBER IDENTIFIER
- control field: dpl
005 - DATE AND TIME OF LATEST TRANSACTION
- control field: 20241206121112.0
008 - FIXED-LENGTH DATA ELEMENTS
- fixed length control field: 241206|| aca||aabn | a|a d
040 ## - CATALOGING SOURCE
- Original cataloging agency: dpl
- Transcribing agency: dpl
100 ## - HEADING--PERSONAL NAME
- Personal name: Biswas, Ajanta
670 ## - SOURCE DATA FOUND
- Source citation: Work cat.: (dpl)207458: Biswas, Ajanta, From Hegemony to Decline:, 2020
